000 00198nam a2200085Ia 4500
008 120527s9999 xx 000 0 und d
100 _aDUTTA,A.C.
245 _aBotany(for degree Students)
942 _cBK
999 _c23512
_d23512